000 00549nam a22001937a 4500
003 KOHA_MİRAKIL
005 20251116180054.0
008 251116b tu ||||| |||| 00| 0 tur d
020 _a9789753638086
040 _aTR-AnABB
_btur
_cTR-AnABB
041 _atur
082 _a891.5533
_bHID 2020
100 1 _aHidayet, Sadık,
245 1 0 _aHacı Aga /
_cSadık Hidayet
260 _aİstanbul :
_bYapı Kredi Kültür Sanat Yayıncılık,
_c2020
300 _a95 sayfa ;
_c21 cm
650 0 4 _aFars edebiyatı, roman
942 _2ddc
_cBK
999 _c9476
_d9476
900 _bGizem YORULMAZ